| Tag |
First Indicator |
Second Indicator |
Subfields |
| LEADER |
00000cam a2200000 4500 |
| 001 |
in00000215744 |
| 005 |
20151009055306.0 |
| 008 |
760709s1953 sw b 00000 eng |
| 010 |
|
|
|a 54014241
|
| 035 |
|
|
|a (OCoLC)02304873
|
| 035 |
|
|
|9 AAX0436AM
|
| 040 |
|
|
|a DLC
|c VA@
|d TXA
|d UtOrBLW
|
| 049 |
|
|
|a TXAM
|c [242128]
|
| 050 |
0 |
0 |
|a PE1315.A8
|b E48
|
| 100 |
1 |
|
|a Ellegård, Alvar.
|
| 245 |
1 |
4 |
|a The auxiliary do :
|b the establishment and regulation of its use in English.
|
| 264 |
|
1 |
|a Stockholm :
|b Almquist & Wiksell,
|c 1953.
|
| 300 |
|
|
|a 320 pages ;
|c 25 cm.
|
| 336 |
|
|
|a text
|b txt
|2 rdacontent
|
| 337 |
|
|
|a unmediated
|b n
|2 rdamedia
|
| 338 |
|
|
|a volume
|b nc
|2 rdacarrier
|
| 490 |
1 |
|
|a Gothenburg studies in English,
|v 2
|
| 504 |
|
|
|a Bibliography: pages [318]-320.
|
| 650 |
|
0 |
|a English language
|x Auxiliary verbs.
|
| 830 |
|
0 |
|a Gothenburg studies in English ;
|v 2.
|
| 999 |
|
|
|a MARS
|
| 999 |
f |
f |
|s 19e8b2d9-44a2-37d1-bb81-bdf489f5ddb5
|i 611ce359-f8eb-3017-ad28-301b5c765382
|t 0
|
| 952 |
f |
f |
|p ric
|a Texas A&M University
|b Rellis Campus
|c Joint Library Facility
|s JLF
|d Remote Storage
|t 0
|e PE1315.A8 E48
|h Library of Congress classification
|i unmediated -- volume
|m A14803591413
|
| 998 |
f |
f |
|a PE1315.A8 E48
|t 0
|l Remote Storage
|